000 00330nam a22001457a 4500
003 OSt
008 240409b |||||||| |||| 00| 0 eng d
020 _a9789388302692
100 _aKING,Vex
245 _aHealing is the New High
250 _a1st Ed
260 _aNew Delhi
_bHay House
_c2024
300 _a281
942 _2ddc
_cREF
999 _c12424
_d12424